Tiada batasan sayang

Bibliographic Details
Main Author: Norhayati Berahim
Format: Book
Published: Selangor : NB Kara Sdn. Bhd. , 2006
Subjects:

MARC

LEADER 00000cam a2200000 7i4500
001 0000055859
005 20170202.0
008 151130
020 |a 9789834211516 
020 |a 9834211511 
090 0 0 |a NOR   |b MAL 
100 1 |a Norhayati Berahim 
245 0 0 |a Tiada batasan sayang   |c Norhayati Berahim 
260 |a Selangor :   |b NB Kara Sdn. Bhd. ,   |c 2006 
300 |a 559 p :   |b 18.1 cm 
650 0 |a Malay fiction 
650 0 |a Novel 
999 |a 0001064651   |b Book   |c Adult Collection   |e Cawangan Taman Sri Lambak 
999 |a 0001421587   |b Book   |c Adult Collection   |e Perbadanan Perpustakaan Awam Johor 
999 |a 0001515935   |b Book   |c Adult Collection   |e Cawangan Tangkak